iGuruji : (Record no. 147952)

MARC details
000 -LEADER
fixed length control field 00581nam a22001817a 4500
005 - DATE AND TIME OF LATEST TRANSACTION
control field 20180427115552.0
010 ## - LCCN (DPL NO)
LC control number ENG-122814
020 ## - INTERNATIONAL STANDARD BOOK NUMBER
International Standard Book Number 9789381033210
Terms of availability 100.00
035 ## - SYSTEM CONTROL NUMBER
System control number EN-106346
037 ## - SOURCE OF ACQUISITION
Source of stock number/acquisition DBAD/PUB
082 ## - DEWEY DECIMAL CLASSIFICATION NUMBER
Classification number 230.53
100 ## - MAIN ENTRY--PERSONAL NAME
Personal name Almel, Seema
245 ## - TITLE STATEMENT
Title iGuruji :
Statement of responsibility, etc by Seema Almel
Remainder of title Informal talks with guruji /
260 ## - PUBLICATION, DISTRIBUTION, ETC. (IMPRINT)
Place of publication, distribution, etc Banglore
Name of publisher, distributor, etc Mansasa Light Age Foundation
Date of publication, distribution, etc 2011
270 ## - ADDRESS
Address Taponagara,Chikkagubbi,(Off Hennur-Bagalur Road),
City Banglore Urban,India
Postal code 560077
300 ## - PHYSICAL DESCRIPTION
Extent v5, (128p.)
Dimensions 22cm(pbk)
942 ## - ADDED ENTRY ELEMENTS (KOHA)
Source of classification or shelving scheme Dewey Decimal Classification
Item type English Books
Classification part 230.53
Call number suffix ALM
Holdings
Withdrawn status Lost status Not for loan Collection code Home library Current library Date acquired Source of acquisition Cost, normal purchase price Full call number Barcode Copy number Cost, replacement price Koha item type
    Not For Loan Non-fiction D.B.Act.Division Central Library 27/04/2018 DBAD/PUB 100.00 230.53 ALM EN-106346 1 100.00 English Books

© Delhi Public Library
Hit Counter
free hit counter